000 00885cam a2200265 4500
001 ABS62202
008 000000n2000 000 0 eng u
035 _a(Sirsi) u105532
100 _aBrent, M.
245 _aBedZED - the Beddington Zero Energy Development - a new model for sustainable urban living?
260 _c2000
490 _aEnvironmental & Waste Management
_v3(1) 2000, 48-51(4)
520 _aDescribes an innovative development scheme on an urban brownfield site which incorporates sustainability throughout from heating to transport.
590 _aABS
650 _aSUSTAINABLE DEVELOPMENT
650 _aBROWNFIELD SITE
650 _aENERGY EFFICIENCY
650 _aPEABODY TRUST
650 _aRENEWABLE ENERGY
650 _aWATER
650 _aSUSTAINABLE TRANSPORT
650 _aINTEGRATED TRANSPORT
690 _aHOUSING-DEVELOPMENT
942 _n0
999 _c63232
_d63232